Normal view
MARC view
Entry Meeting Name
001 - CONTROL NUMBER
- control field: 5727
003 - CONTROL NUMBER IDENTIFIER
- control field: OSt
005 - DATE AND TIME OF LATEST TRANSACTION
- control field: 20211105132708.0
008 - FIXED-LENGTH DATA ELEMENTS
- fixed length control field: 211105|| aca||aabn | a|a d
040 ## - CATALOGING SOURCE
- Original cataloging agency: OSt
- Transcribing agency: OSt
111 ## - HEADING--MEETING NAME
- Meeting name or jurisdiction name as entry element: Conference on the atmospheres of venus and mars
- Location of meeting: Arizona
- Date of meeting or treaty signing: 1967 Feb. 28 to Mar. 2
670 ## - SOURCE DATA FOUND
- Source citation: Work cat.: (OSt): Conference on the atmospheres of venus and mars Arizona 1967 Feb. 28 to Mar. 2, The atmospheres of venus and mars, 1968